000 00977nam a2200241 4500
005 20250411170025.0
008 250408b |||||||| |||| 00| 0 eng d
020 _a9781032281001
037 _cTextual
040 _cRTL
084 _aU43:(G:5) R4
_qRTL
100 _aJames, Philip
245 _aUrban ecology: An introduction
250 _a2nd
260 _aLondon
_bRoutledge
_c2024
300 _axl, 529 p. : ill.
_bIncludes bibliographical references, index & glossary
520 _aThis fully revised second edition reflects the great expansion in urban ecology research, action, and teaching since 2015. Urban ecology provides an understanding of urban ecosystems and uses nature-based techniques to enhance habitats and alleviate poor environmental conditions.
650 _aUrban ecology
_9583539
650 _aCity planning
650 _aSustainable development
_9438223
700 _aDouglas, Ian
_9277383
942 _2CC
_n0
_cTB
_hU43: (G:5) R4
999 _c1308525
_d1308525